Library Banner

Educational psychology (Record no. 86525)

MARC details
000 -LEADER
fixed length control field 00542nam a2200205Ia 4500
001 - CONTROL NUMBER
control field 73416
008 - FIXED-LENGTH DATA ELEMENTS--GENERAL INFORMATION
fixed length control field 160622s9999||||xx |||||||||||||| ||und||
020 ## - INTERNATIONAL STANDARD BOOK NUMBER
International Standard Book Number 9781848723313
040 ## - CATALOGING SOURCE
Transcribing agency PK-LaUMT
082 ## - DEWEY DECIMAL CLASSIFICATION NUMBER
Classification number 370.15
Item number EDU-
100 ## - MAIN ENTRY--PERSONAL NAME
Personal name Cline, Tony
245 ## - TITLE STATEMENT
Title Educational psychology
Remainder of title topics in applied psychology/
Statement of responsibility, etc Cline, Tony|Gulliford, Anthea|Birch, Susan
250 ## - EDITION STATEMENT
Edition statement 2nd
260 ## - PUBLICATION, DISTRIBUTION, ETC. (IMPRINT)
Place of publication, distribution, etc London,UK:
Name of publisher, distributor, etc Routledge,
Date of publication, distribution, etc 2015
300 ## - PHYSICAL DESCRIPTION
Extent 331 p.
546 ## - LANGUAGE NOTE
Language note EN
700 ## - ADDED ENTRY--PERSONAL NAME
Personal name Birch, Susan
700 ## - ADDED ENTRY--PERSONAL NAME
Personal name Gulliford, Anthea
942 ## - ADDED ENTRY ELEMENTS (KOHA)
Koha item type Books
Holdings
Withdrawn status Lost status Damaged status Not for loan Home library Current library Date acquired Total Checkouts Full call number Barcode Date last seen Date checked out Price effective from Koha item type
        UMT Main Campus UMT Main Campus 2016-06-21 5 370.15 EDU- 100302 2018-11-06 2018-10-30 2016-06-22 Books